Central Library OPAC University of Rajshahi

Works of Daisaku Ikeda / (Record no. 63569)

MARC details
000 -LEADER
fixed length control field 00748nam a2200241 a 4500
001 - CONTROL NUMBER
control field 63569
003 - CONTROL NUMBER IDENTIFIER
rucl marc code BD-RjUL
005 - DATE AND TIME OF LATEST TRANSACTION
control field 20211209081218.0
008 - FIXED-LENGTH DATA ELEMENTS--GENERAL INFORMATION
fixed length control field 170133s1989 ja a 000 0 eng
035 ## - SYSTEM CONTROL NUMBER
System control number (BD-RjUL)63698
040 ## - CATALOGING SOURCE
Original cataloging agency DLC
Transcribing agency DLC
Language of cataloging eng
Modifying agency BD-RjUL
041 ## - LANGUAGE CODE
Language code of text/sound track or separate title eng
082 ## - DEWEY DECIMAL CLASSIFICATION NUMBER
Edition number 23
Classification number 294.3
Author mark and year WOR 1989
110 ## - MAIN ENTRY--CORPORATE NAME
Corporate name or jurisdiction name as entry element Soka Gakkai International
9 (RLIN) 188954
245 10 - TITLE STATEMENT
Title Works of Daisaku Ikeda /
260 ## - PUBLICATION, DISTRIBUTION, ETC. (IMPRINT)
Place of publication, distribution, etc. Japan :
Name of publisher, distributor, etc. Saka Gakkai International,
Date of publication, distribution, etc. c1989
300 ## - PHYSICAL DESCRIPTION
Pagination 94 p. :
Illustrations ill. ;
Size 24 cm.
650 ## - SUBJECT ADDED ENTRY--TOPICAL TERM
Topical term or geographic name as entry element Sōka Gakkai -- Bibliography.
9 (RLIN) 188955
Topical term or geographic name as entry element Buddhism -- Bibliography. View all subjects
9 (RLIN) 188956
653 0# - INDEX TERM--UNCONTROLLED
Uncontrolled term Buddhism;
-- bibliography.
710 2# - ADDED ENTRY--CORPORATE NAME
Corporate name or jurisdiction name as entry element Sōka Gakkai.
Subordinate unit Kōhōshitsu.
-- Kokusaikyoku.
9 (RLIN) 188957
942 ## - ADDED ENTRY ELEMENTS (KOHA)
Source of classification or shelving scheme Dewey Decimal Classification
Koha item type Books
Holdings
Lost status Source of classification or shelving scheme Damaged status Not for loan Collection code Permanent Location Current Location Shelving location Date acquired Source of acquisition Total Checkouts Full call number Date last seen Copy number Koha item type
  Dewey Decimal Classification   Not For Loan Non-fiction Central Library, University of Rajshahi Central Library, University of Rajshahi Reading Room 15/01/2009 R.U.C.L.   294.3 WOR 1989 31/01/2017 C-1 Books